[Event "Online Friendship U12"]
[Site "Tornelo INT"]
[Date "2020.11.21"]
[Round "4.4"]
[White "Marchenkova, Varvara"]
[Black "Krauchonak, Miraslau"]
[Result "0-1"]
[WhiteElo "1103"]
[BlackElo "1267"]
[PlyCount "126"]
[EventDate "2020.11.21"]
[EventType "team-swiss"]
[EventRounds "7"]
[EventCountry "BLR"]
[SourceTitle "CBM 199 Extra"]
[Source "ChessBase"]
[SourceDate "2021.01.31"]
[SourceVersion "1"]
[SourceVersionDate "2021.01.31"]
[SourceQuality "1"]
[WhiteTeam "Belarus FIDE Academy"]
[BlackTeam "Belarus Gomel"]
[WhiteTeamCountry "BLR"]
[BlackTeamCountry "BLR"]

1. e4 e5 2. Nf3 Nc6 3. Bb5 a6 4. Ba4 Nf6 5. d3 b5 6. Bb3 d6 7. 0-0 Be7 8. c3 Bg4 9. h3 Bh5 10. Nbd2 0-0 11. Re1 Na5 12. Bc2 c5 13. Nf1 Qc7 14. Ng3 Bxf3 15. Qxf3 b4 16. Bd2 bxc3 17. Bxc3 Nc6 18. Bb3 a5 19. a4 Rab8 20. Bc4 Rb7 21. Nf5 Rfb8 22. Bb5 Bf8 23. Qg3 Nd8 24. Bc4 Kh8 25. Qh4 Ne6 26. g4 Ng8 27. g5 g6 28. Nh6 Nxh6 29. gxh6 Qe7 30. Qxe7 Bxe7 31. Kg2 Nf4+ 32. Kg3 Bd8 33. Re3 Nh5+ 34. Kg4 Nf4 35. Rf3 Ra7 36. Rxf4 Kg8 37. Rf3 Be7 38. h4 Bf8 39. h5 Bxh6 40. hxg6 hxg6 41. Kg3 Bf4+ 42. Kg4 Kf8 43. Rh1 Ke7 44. Rh7 Rf8 45. Rg7 Ke8 46. Rh3 f5+ 47. exf5 gxf5+ 48. Kf3 Rxg7 49. Rh6 Bxh6 50. Bb5+ Ke7 51. Ke2 Rg2 52. Kf3 Rg1 53. Bxa5 e4+ 54. Ke2 exd3+ 55. Bxd3 Rb8 56. Bc3 Ke6 57. Bc4+ d5 58. Bd3 d4 59. Bd2 Rxb2 60. f4 Bxf4 61. a5 Bxd2 62. a6 Be3+ 63. Kf3 Rf2# 0-1